000 00841nam a22003017a 4500
001 BR9901921
003 BR-BrBNA
005 20230928100339.0
007 ta
008 230509b bl.||||| |||| 00| 0 por d
040 _aBR-BrBNA
_bpor
_cBiblioteca Nacional de Agricultura
041 _a(Por)
072 _aF01
_b1100
090 _ 1100 BR9901921
100 1 _aSimao, S.
110 1 _aFundacao de Estudos Agrarios Luiz de Queiroz, Piracicaba, SP (Brasil)
245 1 _aTratado de fruticultura
260 3 _aPiracicaba, SP (Brasil):
_c1998.
300 _a760 p.
500 _aSeveral bibliography; 48 tables; 195 illus.
650 _aFruta Tropical
650 _aPratica Cultural
650 _aPropagacao Vegetativa
650 _aViveiro
650 _aPorta Enxerto
909 _a202309
_bLucia
_c55
_dLucia Elande
942 _cBK
999 _c61012
_d61012